[Event "Campalto CIS 54th Promoz Veneto G1"]
[Site "Campalto"]
[Date "2023.05.20"]
[Round "1.4"]
[White "Solomon, Eleonora"]
[Black "Biasutti, Fabio"]
[Result "0-1"]
[WhiteElo "1007"]
[BlackElo "999"]
[PlyCount "46"]
[EventDate "2023.05.20"]
[EventType "team-tourn"]
[EventRounds "3"]
[EventCountry "ITA"]
[SourceTitle "EXT 2024"]
[Source "ChessBase"]
[SourceDate "2023.10.10"]
[SourceVersion "1"]
[SourceVersionDate "2023.10.10"]
[SourceQuality "1"]
[WhiteTeam "Mestre Piccoli Del Capablanca"]
[BlackTeam "Campalto Zichichi Archimede"]
[WhiteTeamCountry "ITA"]
[BlackTeamCountry "ITA"]

1. e4 e5 2. Nf3 Nc6 3. Bb5 d6 4. 0-0 Bd7 5. Ba4 Nf6 6. Re1 h6 7. c3 Ng4 8. h3 h5 9. g3 Nh6 10. Kg2 Be7 11. d4 g5 12. Nh2 g4 13. h4 Bxh4 14. gxh4 Qxh4 15. Re3 f5 16. Nf3 Qh3+ 17. Kg1 gxf3 18. Rxf3 Rg8+ 19. Rg3 Rxg3+ 20. fxg3 Qxg3+ 21. Kf1 Ng4 22. Qe2 Nh2+ 23. Qxh2 Qxh2 0-1

[Event "Mogliano Veneto op-B 43th"]
[Site "Mogliano Veneto"]
[Date "2023.04.25"]
[Round "5"]
[White "Solomon, Eleonora"]
[Black "Mazzella, Riccardo"]
[Result "0-1"]
[WhiteElo "1019"]
[BlackElo "1231"]
[PlyCount "50"]
[EventDate "2023.04.23"]
[EventType "swiss"]
[EventRounds "5"]
[EventCountry "ITA"]
[SourceTitle "EXT 2024"]
[Source "ChessBase"]
[SourceDate "2023.10.10"]
[SourceVersion "1"]
[SourceVersionDate "2023.10.10"]
[SourceQuality "1"]

1. e4 c5 2. Nf3 Nc6 3. d4 cxd4 4. Nxd4 e5 5. Nf3 Nf6 6. Nc3 Bb4 7. Bg5 d6 8. Qd3 0-0 9. a3 Ba5 10. b4 Bb6 11. g3 Bg4 12. Bg2 Nd4 13. Nd5 Rc8 14. Nxb6 Nxc2+ 15. Kd2 axb6 16. Rac1 Bxf3 17. Rxc2 Bxg2 18. Rxc8 Nxe4+ 19. Qxe4 Qxg5+ 20. Qe3 Qxe3+ 21. Kxe3 Rxc8 22. Rd1 d5 23. f3 d4+ 24. Ke4 f6 25. h4 Rc3 0-1